000 02060nam a2200361 i 4500
001 000045445
003 DO-SdBNP
005 20251218105755.0
007 ta
008 150325e2014 dr ac gr 001 pdspa d
020 _a9789945588071
040 _aDO-SdBNP
_bspa
_cBNPHU
_erda
041 _aspa
082 4 _a781.620097293
_bT266ch
_222
100 1 _aTejeda Ortiz, Dagoberto,
_d1940-
_eautor
_4aut.
_91575
245 1 0 _aChuines, boleros y sarandunga en Baní /
_cJuan Dagoberto Tejeda Ortiz.
264 4 _aSanto Domingo :
_bEdiciones Rumbo Sur
_bMinisterio de Cultura,
_c©2014.
300 _a95 páginas :
_bilustraciones, retratos ;
_c23 cm.
336 _atexto
_btxt
_2rdacontent
337 _asin mediación
_bn
_2rdamedia
338 _avolumen
_bnc
_2rdacarrier
500 _aIncluye datos biográficos del autor en la solapa de la cubierta.
500 _aIncluye bibliografía al final de los capítulos
500 _aIncluye referencias bibliográficas y notas al pie de las páginas.
505 0 _aPresentación -- Los chuines, creatividad popular e identidad -- Baní, cultura e identidad -- Baní, entre décimas y chuines -- Las décimas y los chuines en la comunidades campesina de Baní -- Los chuines de Cañafistol -- Bibliografía -- Agustín Lara: boleros, romanticismo e identidad -- Las canciones y boleros de Agustín -- San Juan Bautista: Cimarronaje e identidad en la sarandunga de Baní -- Religión, historia y realidad -- Esclavitud y cimarronaje en la isla de Santo Domingo -- San Juan Bautista, el cimarronaje y la sarandunga -- San Juan Bautista, sarandunga e identidad --
590 _aInventariado 2024 / MF
600 1 0 _aLara, Agustín,
_d1897-1970
_xCrítica e interpretación
_983057
650 4 _aMúsica folklórica
_zRepública Dominicana
_zBaní
_xHistoria y Crítica
_926118
650 4 _aNegros
_zRepública Dominicana
_zBaní
_xMúsica
_924618
651 4 _aBaní (República Dominicana)
_xVida social y costumbres
_xHistoria y crítica
_99256
910 _aValidado. Control de calidad MFF
942 _2ddc
_cLBS1
999 _c44934
_d44934